Cities of the World - Statistics

General Stats
  • This quiz has been taken 27 times
  • The average score is 4 of 6
Answer Stats
Question Answer % Correct
Which of the following is northernmost? London
81%
What is the city with the largest population in the world? Tokyo
81%
Which of the following is not a capital Istanbul
75%
Which was the first city to have 5 million people? London
63%
Which of the following is southernmost? Quito
50%
Which city has the highest city proper population? Chongqing
25%
No matching quizzes found
Score Distribution
Percent of People with Each Score
Percentile by Number Answered
Your Score History
You have not taken this quiz